Mexican and portuguese young students facing disability. Acomparative study using social representations = Jóvenes estudiantes mexicanos y portugueses frente a la discapacidad; un estudio comparativo de sus representaciones sociales /
El objetivo del siguiente artículo es identificar y analizar los sistemas de representación social de la discapacidad que un conjunto de estudiantes mexicanos y portugueses poseen. Los resultados de la investigación sugieren que no existe un sistema cerrado de la representación de la discapacidad, s...
Saved in:
| Main Author: | |
|---|---|
| Other Authors: | |
| Format: | Text |
| Subjects: | |
| Tags: |
Add Tag
No Tags, Be the first to tag this record!
|
MARC
| LEADER | 00000 a a2200000 04500 | ||
|---|---|---|---|
| 001 | 46301 | ||
| 003 | |||
| 040 | |||
| 100 | |a Veloso-da Veiga, Carlos | ||
| 245 | |a Mexican and portuguese young students facing disability. Acomparative study using social representations = |b Jóvenes estudiantes mexicanos y portugueses frente a la discapacidad; un estudio comparativo de sus representaciones sociales / |c Carlos Veloso-da Veiga, Jorge Arzate-Salgado | ||
| 520 | |a El objetivo del siguiente artículo es identificar y analizar los sistemas de representación social de la discapacidad que un conjunto de estudiantes mexicanos y portugueses poseen. Los resultados de la investigación sugieren que no existe un sistema cerrado de la representación de la discapacidad, sino un complejo sistema formado por lo que los autores denominan representaciones "centrales" y "periferias". El rasgo común entre ambos sistemas de representación es la visión negativa que se tiene sobre la discapacidad. | ||
| 590 | |a DISEMINAR072014/RRH/JULIO2014 | ||
| 650 | |a REPRESENTACION SOCIAL | ||
| 650 | |a DISCAPACIDAD | ||
| 650 | |a JUVENTUD | ||
| 650 | |a TEORIA SOCIAL | ||
| 650 | |a ENFERMEDADES | ||
| 650 | |a PROBLEMAS SOCIALES | ||
| 650 | |a MEXICO | ||
| 650 | |a PORTUGAL | ||
| 700 | |a Arzate-Salgado, Jorge | ||
| 773 | |g volumen20, número63 (2013), páginas 99-124 : tablas | ||
| 999 | |c 22473 |d 22473 | ||
